000
00362nam a22001577a 4500
003
MPLRDC
005
20220104143722.0
008
210129b ||||| |||| 00| 0 eng d
082
_a
848.2 LAa-13 c.2
100
_a
李昂著
245
_a
杀夫
_c
260
_a
_b
文学研究社
_c
300
_b
平
650
_a
现代别集
942
_c
BK
_o
848.2 LAa-13 c.2
999
_c
42666
_d
42656